ბათუმის შოთა რუსთაველის სახელმწიფო უნივერსიტეტის ბიბლიოთეკა

Эволюционное учение / (ბიბ.ჩანაწერი № 61114)

000 -LEADER
fixed length control field 00609nam a22001697a 4500
005 - DATE AND TIME OF LATEST TRANSACTION
control field 20231220152358.0
008 - FIXED-LENGTH DATA ELEMENTS--GENERAL INFORMATION
fixed length control field 231220s1997 ru ||||| |||| 00| 0 rus d
041 ## - LANGUAGE CODE
Language code of text/sound track or separate title rus
080 ## - UNIVERSAL DECIMAL CLASSIFICATION NUMBER
Universal Decimal Classification number 575.8(075.8) Я-14
100 ## - MAIN ENTRY--PERSONAL NAME
Personal name Яблоков А.В.
9 (RLIN) 20805
245 ## - TITLE STATEMENT
Title Эволюционное учение /
Statement of responsibility, etc. А.В. Яблоков, А.Г. Юсуфов.
264 ## - PRODUCTION, PUBLICATION, DISTRIBUTION, MANUFACTURE, AND COPYRIGHT NOTICE
Place of production, publication, distribution, manufacture М.:
Name of producer, publisher, distributor, manufacturer Высшая школа,
Date of production, publication, distribution, manufacture, or copyright notice 1976.
300 ## - PHYSICAL DESCRIPTION
Extent 236 c. :
Other physical details ил.;
Dimensions 23 см.
653 ## - INDEX TERM--UNCONTROLLED
keyword ევოლუციური დოქტრინა
700 ## - ADDED ENTRY--PERSONAL NAME
Personal name Юсуфов, А.Г
Relator term ავტორი
9 (RLIN) 20806
942 ## - ADDED ENTRY ELEMENTS (KOHA)
Source of classification or shelving scheme
Koha item type წიგნი
ეგზემპლარები
Withdrawn status Lost status Source of classification or shelving scheme Damaged status Not for loan Permanent Location Current Location Shelving location Date acquired Cost, normal purchase price Full call number Barcode Date last seen Copy number Uniform Resource Identifier Price effective from Koha item type Public note
          ბათუმის შოთა რუსთაველის სახელმწიფო უნივერსიტეტის მთავარი ბიბლიოთეკა ბათუმის შოთა რუსთაველის სახელმწიფო უნივერსიტეტის მთავარი ბიბლიოთეკა წიგნსაცავი 2023-12-20 8.00 575.8(075.8) Я-14 65623 2023-12-20 65623 ბსუ-ს საპატიო დოქტორის გურამ ლორთქიფანიძის საჩუქარი 2023-12-20 წიგნი 8 ლ.